000 00869cab a2200253 4500
001 ABS58881
008 090401t1998 xxu||||| |||| 00| 0 eng d
035 _a(Sirsi) u86978
041 _aeng
100 _aLewison, K.
245 _aTake care with selling your rights out of court
260 _c1998
350 _a0
490 _aProperty Week
_v63(9) 12 June 1998, 43(1)
520 _aDiscusses the grant of injunctions or damages by the court to prevent development on land. Considers the case of "Gafford v Graham" where the acceptance of money outside of court was taken to imply agreement in principle to the proposal.
650 _aDAMAGES
650 _aGAFFORD V GRAHAM
650 _aINJUNCTIONS
650 _aJAGGARD V SAWYER
650 _aRESTRICTED COVENANTS
690 _aPROPERTY-PROPERTY DEVELOPMENT
942 _n0
948 _c24/06/1998
999 _c54781
_d54781